000 00338nam a22001337a 4500
005 20250901165818.0
008 250407b |||||||| |||| 00| 0 eng d
020 _a9780195739510
050 _aPL 8704.S56 2014
245 _aHATIMA YA KUBUNI
_cSIMAI HAMAD
260 _aNAIROBI
_bOXFORD UNIVERSITY PRESS
_c2014
300 _a92
942 _2lcc
999 _c9537
_d9537